Normal view
MARC view
- Ain, Mussarat ul (361435)
Entry Personal Name
001 - CONTROL NUMBER
- control field: 118347
003 - CONTROL NUMBER IDENTIFIER
- control field: NUST
005 - DATE AND TIME OF LATEST TRANSACTION
- control field: 20231004122433.0
008 - FIXED-LENGTH DATA ELEMENTS
- fixed length control field: 231004|| aca||aabn | a|a d
040 ## - CATALOGING SOURCE
- Original cataloging agency: NUST
- Transcribing agency: NUST
100 ## - HEADING--PERSONAL NAME
- Personal name: Ain, Mussarat ul (361435)
670 ## - SOURCE DATA FOUND
- Source citation: Work cat.: (NUST): Ain, Mussarat ul (361435), Application of Response Surface Methodology (RSM) for Cr(VI) removal through hemp and hemp-derived biochar; nonlinear adsorption isotherm, kinetics, and Artificial Neural network /
